书目信息 |
| 题名: |
2006"CCTV杯"全国英语演讲大赛
|
|
| 作者: | ;外语教学与研究出版社 编 | |
| 分册: | ||
| 出版信息: | 北京 外语教学与研究出版社 2007 |
|
| 页数: | 41,504页 | |
| 开本: | 23cm | |
| 丛书名: | ||
| 单 册: | ||
| 中图分类: | H311.9 | |
| 科图分类: | ||
| 主题词: | 人类语言学 , 人类语言学--英文 , 英语 | |
| 电子资源: | ||
| ISBN: | 978-7-5600-6588-5 | |
| 000 | 01036nam0 2200277 450 | |
| 000 | 01255nam0 2200313 450 | |
| 000 | 01190nam0 2200289 450 | |
| 000 | 01154oam2 2200277 45 | |
| 005 | 20070805091917.73 | |
| 010 | @a978-7-5600-6588-5@dCNY39.90 | |
| 100 | @a20070801d2007 em y0chiy0120 ea | |
| 101 | 1 | @achi@ceng |
| 102 | @aCN@b110000 | |
| 105 | @ay z 000yy | |
| 200 | 1 | @a2006"CCTV杯"全国英语演讲大赛@A2006"CCTV bei"quan guo ying yu yan jiang da sai@EYing Wen Ban@f外语教学与研究出版社编@Fwai yu jiao xue yu yan jiu chu ban she bian@g纳日导读 |
| 210 | @a北京@c外语教学与研究出版社@d2007 | |
| 215 | @a41,504页@d23cm | |
| 330 | @a本演讲大赛不仅体现了我国的英语教学水平、高校大学生风貌,而且对全民英语学惮也起到了积极推进作用. | |
| 510 | 1 | @a"CCTV CUP"ENGLISH SPEAKING CONTEST@zeng |
| 606 | 0 | @a人类语言学 |
| 606 | 0 | @a人类语言学@x英文 |
| 606 | 0 | @a英语 |
| 690 | @aH311.9@v4 | |
| 711 | 02 | @a外语教学与研究出版社@Awai yu jiao xue yu yan jiu chu ban she@4编 |
| 801 | 0 | @aCN@bTAOJIN@c20070805 |
| 905 | @a10447@dH311.9@e60 | |
| 2006"CCTV杯"全国英语演讲大赛/外语教学与研究出版社编/纳日导读.-北京:外语教学与研究出版社,2007 |
| 41,504页;23cm |
| ISBN 978-7-5600-6588-5:CNY39.90 |
| 本演讲大赛不仅体现了我国的英语教学水平、高校大学生风貌,而且对全民英语学惮也起到了积极推进作用. |
| ● |
| 相关链接 |
|
|
|
|
正题名:2006"CCTV杯"全国英语演讲大赛
索取号:H311.9/60
 
预约/预借
| 序号 | 登录号 | 条形码 | 馆藏地/架位号 | 状态 | 备注 |
| 1 | 0828437 | 208284373 | 第二样本阅览室/ [索取号:H311.9/60] | 在馆 | |
| 2 | 0828438 | 208284382 | 第四借阅区/ [索取号:H311.9/60] | 在馆 | |
| 3 | 0828439 | 208284391 | 第四借阅区/ [索取号:H311.9/60] | 在馆 | |
| 4 | 0828440 | 208284408 | 第四借阅区/ [索取号:H311.9/60] | 在馆 | |
| 5 | 0828441 | 208284417 | 第四借阅区/ [索取号:H311.9/60] | 在馆 |
本书有关联资源:
1 .光盘 /ISO :2006"CCTV杯"全国英语演讲大赛 /
下载